000 00906nam a2200217Ia 4500
003 OSt
005 20200804152259.0
008 191128s1976 ck fr 000 0 spa d
040 _aCO-JMCR
_cCO-JMCR
041 0 _aspa
082 0 4 _a343.04 /
_bB711n
_223
100 1 _aBravo Arteaga, Juan Rafael,
_eautor
_96558
245 1 0 _aNociones fundamentales de derecho tributario /
_cJuan Rafael Bravo Arteaga
260 _aBogotá :
_bEdiciones Rosarista,
_c1976
300 _aviii, 147 páginas ;
_c23 cm.
505 0 _aEl derecho tributario -- Las fuentes del derecho tributario -- Interpretación y aplicaciones de las leyes tributarias -- Extensión territorial de la ley tributaria -- La ley tributaria en el tiempo -- La relación jurídico-tributaria -- El echo gravado
650 1 4 _aDerecho fiscal
_98373
650 1 4 _aLey tributaria
_98374
650 1 4 _aObligación tributaria
_98375
942 _2ddc
_cBK
999 _c5897
_d5897